Anuario estadístico 2009.
Saved in:
| Corporate Author: | |
|---|---|
| Format: | Book |
| Published: |
Santiago, Chile:
Secretaría General del H. Consejo de Rectores de las Universidades Chilenas,
2009.
|
| Subjects: | |
| Online Access: | Disponible Online - Consejo de Rectores |
| Tags: |
Add Tag
No Tags, Be the first to tag this record!
|
MARC
| LEADER | 00000nam a2200000 a 4500 | ||
|---|---|---|---|
| 001 | UCG4967 | ||
| 003 | CL-VaPUC | ||
| 005 | 20230401074316.0 | ||
| 008 | 230331t2009 ||||| |||| 00| 0 eng d | ||
| 999 | |c 343565 |d 343563 | ||
| 022 | |a 0716-0585 | ||
| 040 | |c Pontificia Universidad Católica de Valparaíso | ||
| 082 | 0 | 4 | |a 378.83 CON 2009 |2 21 |
| 110 | 2 | |a Consejo de Rectores Universidades Chilenas |e autor |9 554469 | |
| 245 | 1 | 0 | |a Anuario estadístico 2009. |
| 260 | |a Santiago, Chile: |b Secretaría General del H. Consejo de Rectores de las Universidades Chilenas, |c 2009. | ||
| 300 | |a 535 páginas. | ||
| 500 | |a Incluye CD | ||
| 583 | |a last modification |c 20101216 00:00:00 |k Rodrigo Vera | ||
| 650 | 0 | |a Educación superior |9 223851 | |
| 650 | 0 | |a Universidades |9 256317 | |
| 650 | 0 | |a Datos estadísticos |9 329380 | |
| 650 | 0 | |a Anuarios |9 258977 | |
| 856 | |u https://www.consejoderectores.cl/wp-content/uploads/anuario/2009/anuario_2009.pdf |y Disponible Online - Consejo de Rectores | ||
| 942 | |c BK |2 ddc | ||
| 945 | |d 20101216 00:00:00 |a dcastane | ||
| 952 | |0 0 |1 0 |4 0 |6 378_830000000000000_CON_2009 |7 0 |8 P |9 440963 |a BIBEDU |b BIBEDU |c BIBEDU_PB |d 2019-11-22 |i 473887K |o 378.83 CON 2009 |p 473887K |r 2019-11-22 |w 2019-11-22 |y BK |k EDU | ||
| 952 | |0 0 |1 0 |2 ddc |4 0 |6 378_830000000000000_CON_2009 |7 0 |8 ED_SUP |9 589398 |a BIBGIM |b BIBGIM |c S_PSTGRDO |d 2023-03-31 |e Donación |i 5656922 |o 378.83 CON 2009 |p 5656922 |r 2025-01-15 |t 2 |w 2023-03-31 |y BK |k ESU | ||